[Event "Gent Gran-ch"]
[Site "Gent Gran"]
[Date "1996.??.??"]
[Round "5"]
[White "Fernandez Biarnau, Joaquin"]
[Black "Guimera Vidal, Mateu"]
[Result "1-0"]
[WhiteElo "1905"]
[BlackElo "1785"]
[PlyCount "79"]
[EventDate "1996.??.??"]
[EventType "swiss"]
[EventRounds "9"]
[EventCountry "ESP"]
[SourceTitle "EXT 2003"]
[Source "ChessBase"]
[SourceDate "2002.11.25"]
[SourceVersion "1"]
[SourceVersionDate "2002.11.25"]
[SourceQuality "1"]

1. d4 Nf6 2. Nf3 d6 3. g3 g6 4. Bg2 c6 5. Nbd2 Bg7 6. 0-0 0-0 7. e4 Bg4 8. h3 Bd7 9. c4 d5 10. e5 Ne4 11. Qb3 Qc8 12. Kh2 h6 13. Nxe4 dxe4 14. Ng1 Be6 15. Bxe4 Nd7 16. f4 b5 17. Qf3 Bxc4 18. Rf2 Nb8 19. Be3 e6 20. b3 Bd5 21. Rc1 Qd7 22. Ne2 Na6 23. Nc3 Nb4 24. Bd2 a5 25. a3 Bxe4 26. Nxe4 Nd5 27. Nc3 Rfc8 28. Ne4 b4 29. a4 Ne7 30. Be3 Nf5 31. Rc4 Qd5 32. Rfc2 Rd8 33. Bf2 Ne7 34. Rc5 Qd7 35. g4 Re8 36. Bh4 g5 37. fxg5 Qxd4 38. Nf6+ Bxf6 39. Qxf6 Nf5 40. R5c4 1-0

[Event "Gent Gran-ch"]
[Site "Gent Gran"]
[Date "1996.??.??"]
[Round "3"]
[White "Pina Rabadan, Andreu"]
[Black "Guimera Vidal, Mateu"]
[Result "1-0"]
[WhiteElo "1930"]
[BlackElo "1785"]
[PlyCount "47"]
[EventDate "1996.??.??"]
[EventType "swiss"]
[EventRounds "9"]
[EventCountry "ESP"]
[SourceTitle "EXT 2003"]
[Source "ChessBase"]
[SourceDate "2002.11.25"]
[SourceVersion "1"]
[SourceVersionDate "2002.11.25"]
[SourceQuality "1"]

1. d4 Nf6 2. Nf3 a6 3. g3 d5 4. Bg2 c6 5. 0-0 Bf5 6. Nbd2 e6 7. c4 Be7 8. c5 0-0 9. Re1 h6 10. Ne5 Nbd7 11. e4 Nxe5 12. exf5 Nd3 13. Re3 Nxc1 14. fxe6 fxe6 15. Rxc1 h5 16. Bh3 Ng4 17. Bxg4 hxg4 18. Qxg4 Rf6 19. Rce1 Qa5 20. R1e2 Raf8 21. Rxe6 R8f7 22. Rxe7 Rxe7 23. Rxe7 Qxd2 24. Qxg7# 1-0

[Event "Terrassa op-B"]
[Site "Terrassa"]
[Date "1996.??.??"]
[Round "2"]
[White "Roca Llop, Ramon"]
[Black "Guimera Vidal, Mateu"]
[Result "1-0"]
[WhiteElo "1945"]
[BlackElo "1785"]
[PlyCount "107"]
[EventDate "1996.07.??"]
[EventType "swiss"]
[EventRounds "9"]
[EventCountry "ESP"]
[SourceTitle "EXT 2002"]
[Source "ChessBase"]
[SourceDate "2001.11.25"]
[SourceVersion "1"]
[SourceVersionDate "2001.11.25"]
[SourceQuality "1"]

1. e4 e5 2. Nf3 Nc6 3. Nc3 Nf6 4. Bc4 Be7 5. d4 exd4 6. Nxd4 Nxd4 7. Qxd4 0-0 8. 0-0 d6 9. f4 Nd7 10. Kh1 Bf6 11. Qf2 c6 12. Bd2 Nb6 13. Bd3 Be6 14. Rae1 Bc4 15. Qf3 Qc7 16. Nd1 Rae8 17. Bc3 Bxc3 18. bxc3 Bxa2 19. Nb2 Be6 20. f5 Bc8 21. f6 gxf6 22. Qxf6 Re6 23. Qh4 Qe7 24. Qf4 Rg6 25. h3 Qe5 26. Qd2 Rg3 27. Re3 Be6 28. Rxg3+ Qxg3 29. Rf3 Qe5 30. Nd1 Kh8 31. Ne3 Qg5 32. Qf2 Rg8 33. Nf5 Nd7 34. Kh2 Ne5 35. Rg3 Qd8 36. Rxg8+ Qxg8 37. Nxd6 Qg7 38. Qxa7 Nxd3 39. Qa8+ Qg8 40. Qxg8+ Kxg8 41. cxd3 b6 42. g4 Ba2 43. d4 Kf8 44. Kg3 Be6 45. Kf4 Ke7 46. Nf5+ Kf8 47. Ke5 Bb3 48. Kd6 Ba4 49. Kc7 b5 50. Nd6 Ke7 51. Nf5+ Kf6 52. d5 cxd5 53. exd5 Ke5 54. d6 1-0